| 000 | 00326 a2200133 4500 | ||
|---|---|---|---|
| 999 |
_c324926 _d324926 |
||
| 001 | 89853 | ||
| 003 | NUST | ||
| 082 | _a891.4391 MUS | ||
| 100 |
_aMustafa Zaidi _99864 |
||
| 245 | _aIntekhaab-e-Klam Mustafa Zaidi | ||
| 260 |
_aLahore _bAlhamd Publications _c2009 |
||
| 300 | _a224p. | ||
| 500 | _aGeneral Books | ||
| 942 |
_aCAE NUST _cBK _k891.4391 MUS _2ddc |
||